Hidden Sea Life - Statistics

General Stats
  • This quiz has been taken 20 times
  • The average score is 10 of 15
Answer Stats
Hint Answer % Correct
Can you use a horse's saddle at all Mary? Seahorse
100%
I wish Arkansas was nearer the ocean Shark
100%
How Hal ever got that job I'll never know Whale
100%
I got the Doc to push my car for me Octopus
89%
Is tin gray or more silvery would you say? Stingray
89%
Why don't you follow Al, Russ and Benedict? Walrus
78%
I wonder, is Oman a tee-total country? Manatee
67%
Will you drop raw noodles in that bucket over there? Prawn
56%
I must urge onwards and upwards Sturgeon
56%
There's a Scottish blob, Sterling is the place to find it Lobster
44%
How can you lose Al, I only know here was here a minute ago? Sealion
44%
To remind you, Jane, Money and Dad aren't a good combination Anemone
33%
I can see Lisbon from here Eel
33%
He's come from Arlington you know Marlin
33%
Would you also leave your shoes out there? Sole
33%
No matching quizzes found
Score Distribution
Percent of People with Each Score
Percentile by Number Answered
Your Score History
You have not taken this quiz